000 00733nam a2200253Ia 4500
003 OSt
005 20220924131015.0
006 a|||||r|||| 00| 0
007 ta
008 220923b |||||||| |||| 00| 0 san d
024 _a59878
037 _cTextual
040 _aARTS
_cARTS
_bsan
041 _2san
_asan
082 _aQ2:4x1,1,2, 15M2;N2
100 _aManu
_98931
245 0 _aSmriti with the comm Manvartha Muktavali of Kullu ka Bhatta wiith Hindi tr by Hargobind Sastri ed by Gopala Sastri Nene
250 _a4th
260 _aVaranasi
_bC S S
_c1992
300 _a16, 40, 766p.
_ccm.
650 _aRELIGION
942 _hQ2:4x1,1,2, 15M2;N2
_cTEXL
_2CC
999 _c425995
_d425995